000 00307nam a22001337a 4500
082 _a894.812
_bBHA/S
100 _aBHASKARANUNNI, P
245 _aSAHITHYATHILE NERIYUM NERIKEDUM
260 _aPRABHATH BOOK HOUSE
_bP.BHASKARANUNNI
_c1997
300 _a155
520 _aNOVEL
650 _aNOVEL
942 _cBK
999 _c5494
_d5494